| 000 | 00453nmm a2200157Ia 4500 | ||
|---|---|---|---|
| 008 | 251105s9999||||xx |||||||||||||||||und|| | ||
| 020 | _a9781558850644 | ||
| 041 | _aeng | ||
| 100 | _aLaviera, Tato | ||
| 245 | 0 | _aLa Carreta Made a U-Turn | |
| 264 |
_a[Washington, Estados Unidos] : _bArte Público Press, _c2017 |
||
| 300 | _a88 páginas | ||
| 650 | _aLatin American poetry | ||
| 856 | _uhttps://public.digitaliapublishing.com/a/46205 | ||
| 942 | _cCF | ||
| 999 |
_c74623 _d74623 |
||